Berries – Sudden Death - Statistics

General Stats
  • This quiz has been taken 16 times
    12 since last reset
  • The average score is 1 of 22
Answers on the Grid
Answers color-coded by a green-red scale on the quiz's grid according to % correct below.
tomato
banana
watermelon
apple
strawberry
blueberry
blackberry
plum
cucumber
carrot
potato
pineapple
cherry
peach
lemon
orange
onion
garlic
pumpkin
corn
kiwi
grape
dragon fruit
papaya
avocado
eggplant
beetroot
rhubarb
bean
pea
melon
raspberry
cantaloupe
starfruit
zucchini
yam
cabbage
lychee
pomegranate
pepper
cranberry
radish
parsnip
cauliflower
rambutan
 
Answer Stats
Answer % Correct
cranberry
33%
grape
33%
blueberry
22%
banana
11%
dragon fruit
11%
watermelon
11%
avocado
0%
cantaloupe
0%
cucumber
0%
eggplant
0%
kiwi
0%
lemon
0%
melon
0%
orange
0%
papaya
0%
pepper
0%
pineapple
0%
pomegranate
0%
pumpkin
0%
starfruit
0%
tomato
0%
zucchini
0%
No matching quizzes found
Score Distribution
Percent of People with Each Score
Percentile by Number Answered
Your Score History
You have not taken this quiz since the last reset